Prowincja centrum

Titel: Prowincja centrum : przypisy do Schulza / Jerzy Jarze̜bski
Verfasser:
Ausgabe: 1. wyd.
Veröffentlicht: [Kraków] : Wydaw. Literackie, 2005
Umfang: 184 S.
Format: Buch
Sprache: Polnisch
RVK-Notation:
Schlagworte:
ISBN: 8308038123
Buchumschlag
X
Lokale Klassifikation: 2 S 863 ; 32 10 B
alg: 13524933
001A    $00030:17-01-06 
001B    $01999:25-10-24 $t18:04:28.000 
001C    $00030:20-05-15 $t17:19:16.000 
001D    $03004:03-03-06 
001U    $0utf8 
001X    $00 
002@    $0Aau 
003@    $0135249333 
003O    $065530726 $aOCoLC 
004A    $083-08-03812-3 
007A    $0135249333 $aHEB 
007G    $0DE020F291F91761A3C2ADC1257C2E0041B58E 
007T    $0Herdhh135249333 
009P    $qapplication/pdf $A2 $3Inhaltsverzeichnis $uhttp://scans.hebis.de/HEBCGI/show.pl?13524933_toc.pdf $mV:DE-603;B:DE-Mb50 
010@    $apol 
011@    $a2005 
013H    $0z 
021A    $aProwincja centrum $dprzypisy do Schulza $hJerzy Jarze̜bski 
028A    $#Jažembskij, Eži $#jj $#j., j. $D20231015 $Ecgwrk $713619799X $8Jarzębski, Jerzy$Z1947- [Tp3] $9203631579 
032@    $a1. wyd. 
033A    $p[Kraków] $nWydaw. Literackie 
034D    $a184 S. 
044K    $#Schulz, Bruno $#Shults, Bruno $#Šulʹc, Bruno $#Šulc, Bruno $#Šûlṣ, Brûnô $#บรูโน ชูลซ์ $7118762427 $8Schulz, Bruno$Z1892-1942 [Tp1] $9087103109 
045F    $a400 $eDDC23BSB 
045F/01 $a400 
045F/03 $g438 
045G    $a929.09438 $eDDC23BSB 
045G/01 $a929 
045G/03 $g438 
045Z    $8KP 4405 [Tkv] $940927691X 
045Z    $8NY 9000 [Tkv] $9410953628 

lok: 13524933 3
101B    $009-02-06 $t08:27:38.000 
101C    $017-01-06 
144Z/20 $aj06feb 
145S/01 $a036 
145S/06 $a770 
145Z/01 $a900 Ad 0100 Schulz, B. 
145Z/02 $a900 Na 0063 Schulz, B. 
101U    $0utf8 

exp: 13524933 3 1 #EPN
201B/01 $017-01-06 $t09:34:26.000 
201C/01 $017-01-06 
203@/01 $0340633603 
208@/01 $a17-01-06 $bzAa 
209A/01 $a88.037.51 $du $f000 $h88 037 51 $x00 
209G/01 $a88037510 $x00 
247C/01 $8601000-3 <30>Frankfurt, Universitätsbibliothek J. C. Senckenberg, Zentralbibliothek (ZB) $9102598258 
201U/01 $0utf8 

lok: 13524933 24
101B    $006-03-06 $t15:14:19.000 
101C    $006-03-06 
145Z/01 $a2 S 863 
145Z/02 $a32 10 B 
101U    $0utf8 

exp: 13524933 24 1 #EPN
201B/01 $006-03-06 $t15:14:19.000 
201C/01 $025-01-06 
203@/01 $0343895048 
208@/01 $a06-03-06 $bz 
209A/01 $a06.1195 $du $f050 $h06 1195 $x00 
209C/01 $a06.1195 K $h06 1195 K 
209G/01 $a71007723 $x00 
220C/01 $agro 
247C/01 $8358050-7 Marburg, Bibliothek des Herder-Instituts Marburg $9102600961 
201U/01 $0utf8 

lok: 13524933 66

exp: 13524933 66 1 #EPN
201B/01 $016-10-09 $t19:46:08.000 
201U/01 $0utf8 
203@/01 $0583022154 
208@/01 $a15-10-09 $br 
209A/01 $aD 3 Sch/J-2 $du $f000 $x00 
209C/01 $a06/d362 
247C/01 $8618123-5 Darmstadt, Bibliothek des Deutschen Polen-Instituts $9102600902 

lok: 13524933 78

exp: 13524933 78 1 #EPN
201B/01 $012-12-17 $t11:24:30.000 
201U/01 $0utf8 
203@/01 $0794462014 
208@/01 $a12-11-16 $be 
209A/01 $a/ $f000 $x00 
220C/01 $aAnmerkung: NG 
237A/01 $aweiterführende Signatur(en): Herder-Institut: 06.1195 
244Z/01 $2Trx $#Poola $#Lenkija $#Polija $#Polen Land $#Poland $#Lengyelország $#Poľsko $#Polsko $8--Trx--Polska$gkraj $x01 $9391345966 
244Z/01 $aSchulz, Bruno  $x02 
244Z/01 $#Schulz, Bruno $#Shults, Bruno $#Šulʹc, Bruno $#Šulc, Bruno $#Šûlṣ, Brûnô $#บรูโน ชูลซ์ $7118762427 $8--Tp1--Schulz, Bruno$Z1892-1942 $x03 $9087103109 
244Z/01 $2Trx $8--Trx--Monographie $x04 $9391384546 
245Z/01 $a12.03 $x01 
247C/01 $82080>Marburg/Lahn, Herder-Institut, Forschungsbibliothek, Bibliographieportal $9336309341
LEADER 00000cam a2200000 c 4500
001 135249333
003 DE-603
005 20241025180428.0
007 tu
008 060117s2005 xx |||| | u00||u|pol c
020 |a 8308038123 
035 |a (DE-599)HEB135249333 
035 |a (OCoLC)65530726 
040 |a DE-603  |b ger  |c DE-603  |d DE-603 
041 |a pol 
082 0 4 |8 1\u  |a 400  |q DE-101  |2 23/BSB 
083 0 |8 2\u  |a 929.09438  |q DE-101  |2 23/BSB 
084 |a KP 4405  |0 (DE-625)81266:11864  |0 (DE-603)40927691X  |2 rvk 
084 |a NY 9000  |0 (DE-625)132375:  |0 (DE-603)410953628  |2 rvk 
085 |8 1\u  |b 400 
085 |8 1\u  |z 2  |s 438 
085 |8 2\u  |b 929 
085 |8 2\u  |z 2  |s 438 
100 1 |a Jarzębski, Jerzy  |d 1947-  |0 (DE-603)203631579  |0 (DE-588)13619799X  |2 gnd 
245 0 0 |a Prowincja centrum  |b przypisy do Schulza  |c Jerzy Jarze̜bski 
250 |a 1. wyd. 
264 1 |a [Kraków]  |b Wydaw. Literackie  |c 2005 
300 |a 184 S. 
600 1 7 |a Schulz, Bruno  |d 1892-1942  |0 (DE-588)118762427  |0 (DE-603)087103109  |2 gnd 
856 4 2 |m V:DE-603;B:DE-Mb50  |q application/pdf  |u http://scans.hebis.de/HEBCGI/show.pl?13524933_toc.pdf  |3 Inhaltsverzeichnis 
924 0 |9 30  |a (DE-603)340633603  |b DE-30  |c HES  |d c  |g 88.037.51 
924 0 |9 Mb 50  |a (DE-603)343895048  |b DE-Mb50  |c HES  |d c  |g 06.1195 
924 0 |9 Ds 123  |a (DE-603)583022154  |b DE-Ds123  |c HES  |d d  |g D 3 Sch/J-2 
924 0 |9 2080  |a (DE-603)794462014  |b DE-2080  |c HES  |d d  |g /